| 000 | 00457nam a22001577a 4500 | ||
|---|---|---|---|
| 005 | 20250509061906.0 | ||
| 008 | 250509b |||||||| |||| 00| 0 eng d | ||
| 020 | _a9789554102712 | ||
| 082 |
_222 _a891 _bAAR |
||
| 100 | _aVettriselvi | ||
| 245 | _aAari pona Kayangalin Vali | ||
| 260 |
_aJaffna _bShivaram Pathipagam _c2016 |
||
| 300 | _a182 p ., | ||
| 500 | _aPen poraalikalin pambaipadu thaduppumugaam valvu thodarbana oru varalattru pathivu | ||
| 942 | _cL | ||
| 999 |
_c6038 _d6038 |
||